Wilfred bion and literary criticism (Record no. 1226519)

MARC details
000 -LEADER
fixed length control field 00606nam a2200217Ia 4500
005 - DATE AND TIME OF LATEST TRANSACTION
control field 20241129105913.0
008 - FIXED-LENGTH DATA ELEMENTS--GENERAL INFORMATION
fixed length control field 241129s9999||||xx |||||||||||||| ||und||
020 ## - INTERNATIONAL STANDARD BOOK NUMBER
International Standard Book Number 978-0-367-43945-3
037 ## - SOURCE OF ACQUISITION
Stock number TB
040 ## - CATALOGING SOURCE
Original cataloging agency ARTS
Language of cataloging eng
Transcribing agency ARTS
041 ## - LANGUAGE CODE
Language code of text/sound track or separate title eng
Source of code eng
084 ## - COLON CLASSIFICATION NUMBER
Classification number SM9xM97 R2
Assigning agency ARTS
100 ## - MAIN ENTRY--PERSONAL NAME
Personal name Wynter - Vincent Naomi Au.
9 (RLIN) 726613
245 #0 - TITLE STATEMENT
Title Wilfred bion and literary criticism
Statement of responsibility, etc. Wynter - Vincent Naomi Au.
260 ## - PUBLICATION, DISTRIBUTION, ETC.
Place of publication, distribution, etc. UK
Name of publisher, distributor, etc. Routledge
Date of publication, distribution, etc. 2022
300 ## - PHYSICAL DESCRIPTION
Extent xiii,177p.
365 ## - TRADE PRICE
Price type code UKP
Price amount 31.99
650 ## - SUBJECT ADDED ENTRY--TOPICAL TERM
Topical term or geographic name entry element Psychology
942 ## - ADDED ENTRY ELEMENTS (KOHA)
Koha item type Textbook
Classification part SM9xM97 R2
Holdings
Withdrawn status Lost status Damaged status Not for loan Home library Current library Date acquired Source of acquisition Cost, normal purchase price Inventory number Total Checkouts Full call number Barcode Date last seen Price effective from Koha item type
        Arts Library Arts Library 2024-11-29 Classic Book Service 31.99 224 & 17/02/2023   SM9xM97 R2 AL1667552 2024-11-29 2024-11-29 Textbook
Copyright @ Delhi University Library System